Conflict intervention and transformation : theory and practice /

Bibliographic Details
Corporate Author: EBSCOhost
Other Authors: Jeong, Ho-Won (Editor)
Format: eBook
Language:English
Published: London ; Lanham, Maryland : Rowman & Littlefield International, Ltd., [2019]
Subjects:
Online Access:Connect to the full text of this electronic book

MARC

Tag First Indicator Second Indicator Subfields
LEADER 00000cam a2200000 i 4500
001 in00004125607
005 20200420144051.0
006 m o d
007 cr cnu---unuuu
008 190307s2019 enka ob 001 0 eng
010 |a  2019011362 
020 |a 9781786610270  |q electronic book 
020 |a 1786610272  |q electronic book 
020 |z 9781786610256  |q hardcover  |q alkaline paper 
024 8 |a 99983679476 
035 |a (DLC)ybp16085133 
040 |a NhCcYBP  |c NhCcYBP  |d UtOrBLW 
042 |a pcc 
050 4 |a JZ6045  |b .C587 2019 
072 7 |a POL  |x 040020  |2 bisacsh 
072 7 |a POL  |x 011000  |2 bisacsh 
082 0 0 |a 327.1/72  |2 23 
245 0 0 |a Conflict intervention and transformation :  |b theory and practice /  |c edited by Ho-Won Jeong. 
264 1 |a London ;  |a Lanham, Maryland :  |b Rowman & Littlefield International, Ltd.,  |c [2019] 
300 |a 1 online resource. 
336 |a text  |b txt  |2 rdacontent 
337 |a computer  |b c  |2 rdamedia 
338 |a online resource  |b cr  |2 rdacarrier 
504 |a Includes bibliographical references and index. 
505 0 |a Cover; Conflict Intervention and Transformation; Conflict Intervention and Transformation: Theory and Practice; Copyright page; Dedication; Contents; Preface; Chapter 1; Intervention for Conflict Transformation; Conflict Process and Intervention; System versus Issue Transformation; Structural Dimensions; Management versus Transformation; Psychological Readiness; Conditions for a Relationship Change; Steps toward Conflict Resolution; A Sustainable Peace Process; Conflict Transformation for Peacebuilding; Need for Transformation; Overview; Notes; Part I: Discursive Practice; Chapter 2 
505 8 |a Normal Peace1. Introduction; 2. On Being and Becoming Normal; 3. How Things Become (Ab)normal: Normalization in Practice; 4. Conclusion; Notes; Chapter 3; Beyond Buzzwords; 1. Introduction; 2. Contributions from the Norms Literature: Inclusivity as a Norm; 3. Inclusivity in a Mediation Process: Prioritization of Definitional Norms; 4. Overcoming Seeming Dilemmas: Embedding Mediation and Clarifying the Pragmatic Functions of Inclusivity; 5. Conclusion; Notes; Part II: Peace Negotiations; Chapter 4; Navigating the Inclusivity-Exclusivity Continuum of Peace Negotiations; 1. INTRODUCTION 
505 8 |a 2. International Law as a Framework for Contemporary Peace Negotiations3. Navigating the Inclusivity-Exclusivity Continuum of Peace Negotiations; 4. Conclusion; Notes; Chapter 5; Feminist Lessons for Conflict Transformation and Power Sharing; 1. INTRODUCTION; 2. A Dayton in Damascus?; 3. A WPS Laboratory amid Power Sharing?; 4. Lessons not Learned; 5. Conclusion; Notes; Part III: Identity, Space, and Conflict Transformation; Chapter 6; Placemaking for Peacebuilding; Placemaking and Spatial Strategies in Conflict and for Conflict Resolution; War Placemaking; Placemaking for Peace 
505 8 |a Youth and PlacemakingYouth, Place, and Peacebuilding in Northern Ireland; Further Theorization; Notes; References; Chapter 7; Identity and Emotions in Mending Relations; Identity and Collective Action; The Proximate "Other" as a Source of Fear and Distrust; Developing Trust: A Key Component of Reconciliation; Conclusion; Notes; Chapter 8; Positive Dynamics amid Complex Identity Conflict; An Atmosphere of Growing Polarization; Reconceptualizing Islamic-Western Conflict; Moving from Force to Productive Dialogue; Prescriptions; Conclusion; Notes; References; Index; Contributors 
588 |a Description based on online resource; title from digital title page (viewed on April 17, 2019). 
500 |a Electronic resource. 
650 0 |a Diplomatic negotiations in international disputes.  |0 http://id.loc.gov/authorities/subjects/sh85038190 
650 0 |a Conflict management.  |0 http://id.loc.gov/authorities/subjects/sh85030958 
650 0 |a Peace-building.  |0 http://id.loc.gov/authorities/subjects/sh2003003065 
655 7 |a Electronic books.  |2 local 
700 1 |a Jeong, Ho-Won,  |e editor.  |0 http://id.loc.gov/authorities/names/n98094988 
710 2 |a EBSCOhost. 
776 1 8 |i Print version:  |t Conflict intervention and transformation  |d London ; New York : Rowman & Littlefield International, Ltd., [2019]  |z 9781786610256  |w (DLC) 2019009113 
856 4 0 |u http://proxy.library.tamu.edu/login?url=http://search.ebscohost.com/login.aspx?direct=true&scope=site&db=nlebk&db=nlabk&AN=2036298  |z Connect to the full text of this electronic book  |t 0 
955 |a YBP purchased EBSCO DDA e-records 
999 f f |s 72bf1c02-a8b2-3f73-98a5-cc21db40a390  |i 140d0a54-8fd3-3464-909c-da26d0019856  |t 0 
952 f f |a Texas A&M University  |b College Station  |c Electronic Resources  |d Available Online  |t 0  |e JZ6045 .C587 2019  |h Library of Congress classification 
998 f f |a JZ6045 .C587 2019  |t 0  |l Available Online